Statistics for Eurovision 2023 - Artists & Songs

Click here to take the quiz!

General Stats

  • This quiz has been taken 91 times
    (80 since last reset)
  • The average score is 48 of 74

Answer Stats

HintAnswer% Correct
SwedenLoreen
94%
NorwayAlessandra
93%
SwedenTattoo
91%
FinlandCha Cha Cha
87%
NorwayQueen of Kings
87%
SwitzerlandWatergun
87%
IsraelUnicorn
85%
CroatiaMama ŠČ!
83%
SerbiaLuke Black
81%
PortugalMimicat
81%
FinlandKäärijä
78%
BelgiumGustaph
76%
IsraelNoa Kirel
76%
BelgiumBecause of You
74%
CzechiaMy Sister's Crown
74%
EstoniaAlika
72%
ArmeniaBrunette
72%
CroatiaLet 3
72%
PolandSolo
72%
MaltaThe Busker
72%
AustriaWho the Hell Is Edgar?
72%
PortugalAi Coração
70%
LatviaAijā
70%
PolandBlanka
70%
CyprusBreak a Broken Heart
70%
EstoniaBridges
70%
SloveniaJoker Out
70%
FranceLa Zarra
70%
LatviaSudden Lights
70%
IrelandWe Are One
70%
SloveniaCarpe Diem
69%
ArmeniaFuture Lover
69%
SerbiaSamo mi se spava
69%
IcelandPower
67%
MoldovaSoarele și luna
67%
MaltaDance (Our Own Party)
65%
DenmarkReiley
65%
SwitzerlandRemo Forrer
65%
AzerbaijanTell Me More
65%
CzechiaVesna
65%
AustraliaVoyager
65%
DenmarkBreaking My Heart
63%
GeorgiaIru
63%
AustraliaPromise
63%
GeorgiaEcho
61%
GermanyBlood & Glitter
59%
NetherlandsBurning Daylight
59%
RomaniaD.G.T. (Off and On)
59%
AlbaniaDuje
59%
FranceÉvidemment
59%
San MarinoLike an Animal
59%
AustriaTeya & Salena
59%
IrelandWild Youth
59%
SpainEAEA
57%
LithuaniaStay
57%
SpainBlanca Paloma
56%
United KingdomMae Muller
56%
CyprusAndrew Lambrou
54%
IcelandDiljá
54%
UkraineHeart of Steel
54%
United KingdomI Wrote a Song
54%
MoldovaPasha Parfeni
54%
AzerbaijanTuralTuranX
54%
GreeceWhat They Say
54%
UkraineTvorchi
50%
ItalyDue vite
48%
GreeceVictor Vernicos
43%
GermanyLord of the Lost
41%
ItalyMarco Mengoni
41%
San MarinoPiqued Jacks
39%
RomaniaTheodor Andrei
39%
NetherlandsMia Nicolai & Dion Cooper
37%
LithuaniaMonika Linkytė
37%
AlbaniaAlbina & Familja Kelmendi
22%

Score Distribution

Percentile by Number Answered

Percent of People with Each Score

Your Score History

You have not taken this quiz since the last reset